000 00392nam a2200145Ia 4500
008 220204s9999 xx 000 0 und d
020 _a0827360177
082 _a635:712
_bBRI
100 _aBridwell, Ferrell M
245 0 _aLandscape plants: Their identification culture and use
260 _aNew York
_bDelmar Thomson learning
_c1994
650 _aBamboos
650 _aPalms
942 _cBK
999 _c42376
_d42376